Normal view
MARC view
- تاليف بورث، ديلا .ل؛ مراجعة أبو بكر، عبد المنعم
Entry Personal Name
001 - CONTROL NUMBER
- control field: 8878
003 - CONTROL NUMBER IDENTIFIER
- control field: JO-AjAnu
005 - DATE AND TIME OF LATEST TRANSACTION
- control field: 20230606071730.0
008 - FIXED-LENGTH DATA ELEMENTS
- fixed length control field: 230606|| aca||aabn | a|a d
040 ## - CATALOGING SOURCE
- Original cataloging agency: JO-AjAnu
- Transcribing agency: JO-AjAnu
100 ## - HEADING--PERSONAL NAME
- Personal name: تاليف بورث، ديلا .ل؛ مراجعة أبو بكر، عبد المنعم
670 ## - SOURCE DATA FOUND
- Source citation: Work cat.: (JO-AjAnu)4581: تاليف بورث، ديلا .ل؛ مراجعة أبو بكر، عبد المنعم, author, بلاد ما بين النهرين: الحضارتان البابلبة والاشورية